[Event "St Petersburg Early Bird Rating"]
[Site "St Petersburg"]
[Date "2014.06.15"]
[Round "9"]
[White "Shkurkin, Nikolai"]
[Black "Timirev, Sergey"]
[Result "1-0"]
[WhiteElo "2236"]
[BlackElo "1803"]
[PlyCount "115"]
[EventDate "2014.06.07"]
[EventType "swiss"]
[EventRounds "9"]
[EventCountry "RUS"]
[SourceTitle "CBM 160 Extra"]
[Source "ChessBase"]
[SourceDate "2014.07.01"]
[SourceVersion "1"]
[SourceVersionDate "2014.07.01"]
[SourceQuality "1"]

1. Nf3 c5 2. c4 Nc6 3. d4 cxd4 4. Nxd4 Nf6 5. Nc3 g6 6. g3 Bg7 7. Bg2 0-0 8. 0-0 Qb6 9. Nc2 d6 10. b3 Be6 11. Qd2 Rac8 12. Bb2 Rfd8 13. Na4 Qc7 14. e4 Qd7 15. Rfd1 Bh3 16. Bh1 Qg4 17. f3 Qh5 18. Qf2 Be6 19. Nd4 Nxd4 20. Bxd4 b6 21. Nc3 Nd7 22. Ne2 g5 23. Bg2 Ne5 24. Rac1 Bh6 25. g4 Qg6 26. Nc3 Bg7 27. Nb5 Nc6 28. Be3 Rd7 29. Qd2 h6 30. Bf1 Be5 31. Qg2 Qf6 32. Rd3 Bf4 33. Bxf4 Qxf4 34. Re1 a6 35. Nd4 Nxd4 36. Rxd4 b5 37. cxb5 axb5 38. Qg3 Qxg3+ 39. hxg3 Rc2 40. Bxb5 Rb7 41. a4 Bxb3 42. Ra1 Rbc7 43. a5 Ra7 44. a6 Be6 45. Rb4 Rcc7 46. Kf2 Kg7 47. Ke3 Kf6 48. Kd4 Rc2 49. Bd3 Rcc7 50. Rb6 Kg7 51. Rab1 Kf6 52. Rb7 Bc8 53. Rxc7 Rxc7 54. Rb6 Ke6 55. Bb5 f6 56. Bc6 Ra7 57. Bb7 Bd7 58. Bd5# 1-0

[Event "St Petersburg Early Bird Rating"]
[Site "St Petersburg"]
[Date "2014.06.10"]
[Round "4"]
[White "Feofanov, Denis"]
[Black "Shkurkin, Nikolai"]
[Result "1-0"]
[WhiteElo "2284"]
[BlackElo "2236"]
[PlyCount "89"]
[EventDate "2014.06.07"]
[EventType "swiss"]
[EventRounds "9"]
[EventCountry "RUS"]
[SourceTitle "CBM 160 Extra"]
[Source "ChessBase"]
[SourceDate "2014.07.01"]
[SourceVersion "1"]
[SourceVersionDate "2014.07.01"]
[SourceQuality "1"]

1. Nf3 Nf6 2. g3 g6 3. b3 Bg7 4. Bb2 0-0 5. Bg2 c5 6. 0-0 d5 7. c4 d4 8. b4 Nfd7 9. d3 e5 10. a3 Nc6 11. Nbd2 Re8 12. b5 Ne7 13. Nb3 a5 14. bxa6 Rxa6 15. Nfd2 Qc7 16. a4 b6 17. Ne4 f5 18. Ng5 Nf8 19. a5 bxa5 20. Ba3 Nd7 21. Rb1 a4 22. Nd2 h6 23. Ngf3 Kh7 24. Rb5 Ng8 25. Qc2 Ngf6 26. Rfb1 e4 27. dxe4 fxe4 28. Nh4 d3 29. exd3 e3 30. fxe3 Rxe3 31. Ne4 Nxe4 32. Bxe4 Bd4 33. Kg2 Ne5 34. Rb7 Bxb7 35. Rxb7 Qxb7 36. Bxb7 Rf6 37. Be4 Ng4 38. Bxg6+ Kg7 39. Bf5 h5 40. h3 Re1 41. hxg4 hxg4 42. Qd2 Rg1+ 43. Kh2 Rf1 44. Qg5+ Kf7 45. Bg6+ 1-0

[Event "St Petersburg Early Bird Rating"]
[Site "St Petersburg"]
[Date "2014.06.09"]
[Round "3"]
[White "Shkurkin, Nikolai"]
[Black "Ladzin, Ivan"]
[Result "1-0"]
[WhiteElo "2236"]
[BlackElo "1838"]
[PlyCount "81"]
[EventDate "2014.06.07"]
[EventType "swiss"]
[EventRounds "9"]
[EventCountry "RUS"]
[SourceTitle "CBM 160 Extra"]
[Source "ChessBase"]
[SourceDate "2014.07.01"]
[SourceVersion "1"]
[SourceVersionDate "2014.07.01"]
[SourceQuality "1"]

1. Nf3 Nf6 2. c4 c6 3. d4 d5 4. Nc3 e6 5. e3 Nbd7 6. Bd3 dxc4 7. Bxc4 b5 8. Bd3 a6 9. 0-0 Bb7 10. a4 b4 11. Ne4 c5 12. Nxf6+ Nxf6 13. Qe2 Be7 14. Rd1 Qc7 15. Bd2 cxd4 16. Rac1 Qd7 17. Nxd4 e5 18. Nb5 0-0 19. Bxb4 Nd5 20. Rc7 Qe6 21. Rxb7 Bxb4 22. Bc4 axb5 23. Bxd5 Qf6 24. Qxb5 Ba5 25. b4 Bd8 26. a5 Rc8 27. Qe2 Kh8 28. g3 Qg6 29. a6 Rc2 30. Qd3 Rc1 31. e4 Rxd1+ 32. Qxd1 Qxa6 33. b5 Qf6 34. Bc6 Be7 35. Qd5 Bb4 36. b6 Be1 37. Qc5 Rc8 38. Rc7 Rd8 39. b7 h5 40. Rc8 h4 41. b8Q 1-0

[Event "Omsk-ch op"]
[Site "Omsk"]
[Date "2009.02.25"]
[Round "10"]
[White "Shkurkin, Nikolai"]
[Black "Volkov, Alexander2"]
[Result "1-0"]
[WhiteElo "2193"]
[BlackElo "2095"]
[PlyCount "73"]
[EventDate "2009.02.12"]
[EventType "swiss"]
[EventRounds "11"]
[EventCountry "RUS"]
[SourceTitle "CBM 129 Extra"]
[Source "ChessBase"]
[SourceDate "2009.05.05"]
[SourceVersion "2"]
[SourceVersionDate "2009.05.20"]
[SourceQuality "1"]

1. e4 b6 2. d4 e6 3. Nf3 Bb7 4. Bd3 c5 5. Nc3 Nc6 6. d5 Nb4 7. Be2 exd5 8. exd5 Nf6 9. Bg5 h6 10. Bxf6 Qxf6 11. a3 Na6 12. 0-0 Nc7 13. Re1 0-0-0 14. Bc4 g5 15. Ne4 Qf5 16. Ng3 Qg6 17. Ne5 Qg8 18. d6 Ne6 19. Nf5 Kb8 20. Bd5 Qh7 21. Bxb7 Kxb7 22. Qd5+ Kb8 23. g3 Bg7 24. Nxg7 Qxg7 25. a4 a5 26. c3 Rhe8 27. b4 f6 28. bxa5 Rc8 29. Rab1 Ka7 30. Rxb6 Rb8 31. Reb1 Rxb6 32. Rxb6 Rb8 33. Rxb8 Kxb8 34. a6 Nd8 35. Qxc5 Qh7 36. Qc7+ Ka8 37. Qxd8+ 1-0

[Event "Omsk-ch op"]
[Site "Omsk"]
[Date "2009.02.19"]
[Round "6"]
[White "Pozdniakov, Vladimir"]
[Black "Shkurkin, Nikolai"]
[Result "0-1"]
[WhiteElo "2235"]
[BlackElo "2193"]
[PlyCount "24"]
[EventDate "2009.02.12"]
[EventType "swiss"]
[EventRounds "11"]
[EventCountry "RUS"]
[SourceTitle "CBM 129 Extra"]
[Source "ChessBase"]
[SourceDate "2009.05.05"]
[SourceVersion "2"]
[SourceVersionDate "2009.05.20"]
[SourceQuality "1"]

1. Nf3 d5 2. c4 dxc4 3. e3 Nf6 4. Bxc4 g6 5. Ne5 e6 6. f4 Bg7 7. 0-0 0-0 8. b4 Nd5 9. a3 Nd7 10. d4 a5 11. b5 N7b6 12. Bd3 Qe7 0-1

[Event "Omsk City-ch"]
[Site "Omsk"]
[Date "2008.02.09"]
[Round "6"]
[White "Vitman, Andrei"]
[Black "Shkurkin, Nikolai"]
[Result "0-1"]
[WhiteElo "2030"]
[BlackElo "2167"]
[PlyCount "44"]
[EventDate "2008.02.06"]
[EventType "swiss"]
[EventRounds "11"]
[EventCountry "RUS"]
[SourceTitle "EXT 2009"]
[Source "ChessBase"]
[SourceDate "2008.11.26"]
[SourceVersion "1"]
[SourceVersionDate "2008.11.26"]
[SourceQuality "1"]

1. e4 c6 2. Nf3 d5 3. e5 Bg4 4. d4 e6 5. c3 Nd7 6. Be2 Qb6 7. 0-0 Ne7 8. h3 Bxf3 9. Bxf3 c5 10. dxc5 Qxc5 11. Re1 Qc7 12. Qd4 Nc6 13. Qa4 Ncxe5 14. Nd2 Nxf3+ 15. Nxf3 a6 16. Qd4 Nf6 17. Bg5 Bc5 18. Qh4 Ne4 19. Re2 Nxg5 20. Nxg5 Be7 21. Qh5 Bxg5 22. Qxg5 0-0 0-1

[Event "Omsk-ch sf op"]
[Site "Omsk"]
[Date "2007.12.01"]
[Round "1"]
[White "Shkurkin, Nikolai"]
[Black "Bakal, Victor"]
[Result "1/2-1/2"]
[WhiteElo "2191"]
[BlackElo "1999"]
[PlyCount "43"]
[EventDate "2007.12.01"]
[EventType "swiss"]
[EventRounds "9"]
[EventCountry "RUS"]
[SourceTitle "EXT 2022"]
[Source "ChessBase"]
[SourceDate "2021.10.06"]
[SourceVersion "1"]
[SourceVersionDate "2021.10.06"]
[SourceQuality "1"]

1. Nf3 d5 2. d4 Nf6 3. c4 dxc4 4. e3 e6 5. Bxc4 a6 6. Nc3 c5 7. 0-0 cxd4 8. exd4 Nc6 9. a3 Be7 10. Re1 0-0 11. Bg5 b5 12. Ba2 Bb7 13. h3 Nd5 14. Bxe7 Ncxe7 15. Ne4 Qb6 16. Qd2 Rad8 17. Rac1 Nf5 18. Nc5 Rfe8 19. Bb1 Nde7 20. Nxb7 Qxb7 21. Qd3 Ng6 22. Rc5 1/2-1/2